Buku Kenangan Hari Keputeraan yang Keempat Puluh Tiga Duli Yang Maha Mulia Sultan Abdul Halim Mu'azam Shah (Record no. 27116)

MARC details
000 -LEADER
fixed length control field 00747nam a2200229 i 4500
001 - CONTROL NUMBER
control field C2-0109223
003 - CONTROL NUMBER IDENTIFIER
control field PPAK
005 - DATE AND TIME OF LATEST TRANSACTION
control field 20190622104107.0
008 - FIXED-LENGTH DATA ELEMENTS--GENERAL INFORMATION
fixed length control field 970622s1971 my a|||| ||||| | may d
040 ## - CATALOGING SOURCE
Original cataloging agency PPAK
Language of cataloging eng
Transcribing agency PPAK
Description conventions rda
082 04 - DEWEY DECIMAL CLASSIFICATION NUMBER
Classification number 923.1595112
Edition number 23
090 00 - LOCALLY ASSIGNED LC-TYPE CALL NUMBER (OCLC); LOCAL CALL NUMBER (RLIN)
Classification number (OCLC) (R) ; Classification number, CALL (RLIN) (NR) 923.1595112
Feature heading BUK
Feature heading KK
Classification number (OCLC) (R) ; Classification number, CALL (RLIN) (NR) 923.1595112
Feature heading BUK
Feature heading KSI
245 00 - TITLE STATEMENT
Title Buku Kenangan Hari Keputeraan yang Keempat Puluh Tiga Duli Yang Maha Mulia Sultan Abdul Halim Mu'azam Shah
264 #1 - PRODUCTION, PUBLICATION, DISTRIBUTION, MANUFACTURE, AND COPYRIGHT NOTICE
Place of production, publication, distribution, manufacture Kuala Lumpur :
Name of producer, publisher, distributor, manufacturer [Berjaya Printing Press] ,
Date of production, publication, distribution, manufacture, or copyright notice [1971]
300 ## - PHYSICAL DESCRIPTION
Extent [104 pages] :
Other physical details illustrations ;
Dimensions 27 cm
336 ## - CONTENT TYPE
Source rdacontent
Content type term text
337 ## - MEDIA TYPE
Source rdamedia
Media type term unmediated
338 ## - CARRIER TYPE
Source rdacarrier
Carrier type term volume
650 10 - SUBJECT ADDED ENTRY--TOPICAL TERM
Topical term or geographic name entry element Head of State - Biography - Kedah
942 ## - ADDED ENTRY ELEMENTS (KOHA)
Koha item type Book
Source of classification or shelving scheme Dewey Decimal Classification
Holdings
Withdrawn Not for loan Current library Shelving location Date acquired Full call number Barcode Date last seen Koha item type
  Not For Loan Perpustakaan Alor Setar Koleksi Kedah 22/07/1998 KK 923.1595112 BUK A00152480 08/05/2018 Book
  Not For Loan Perpustakaan Alor Setar Koleksi Kedah 11/08/1998 KK 923.1595112 BUK A00153343 08/05/2018 Book
  Not For Loan Perpustakaan Alor Setar Koleksi Salleh Ibrahim 23/02/1999 KSI 923.1595112 BUK A00210229 08/05/2018 Book